000 00478nam a2200181Ia 4500
008 210716s2006 xx 000 0 und d
020 _a8178812150
041 _aeng
082 _a658.162 SEEK
100 _aSeethapathi, K and Murty, GRK.
245 _aMergers and acquisitions.
250 _a1
260 _aHyderabad
_bICFAI University Press
_c2006
300 _aiii,203
440 _vIII
650 _aMergers & Acqusitions
700 _aSeethapathi, K and Murty, GRK.
999 _c202388
_d202388